|
|
|
|
| LEADER |
00000cam a2200000 a 4500 |
| 001 |
73948 |
| 003 |
CZ-ZlUTB |
| 005 |
20251006170601.0 |
| 006 |
m d |
| 007 |
cr un |
| 008 |
100622s2006 enka sb 001 0 eng d |
| 020 |
|
|
|a 9781615833610
|q (ebook)
|
| 035 |
|
|
|a (OCoLC)642905320
|
| 040 |
|
|
|a KNOVL
|b eng
|c KNOVL
|d CEF
|d OCLCQ
|d CUS
|d OCLCQ
|d KNOVL
|d OCLCF
|
| 245 |
0 |
0 |
|a Flavins
|h [elektronický zdroj] :
|b photochemistry and photobiology /
|c editors, Eduardo Silva and Ana M. Edwards.
|
| 260 |
|
|
|a Cambridge, UK :
|b RSC Pub.,
|c c2006.
|
| 300 |
|
|
|a 1 online zdroj (x, 328 p.) :
|b ill.
|
| 490 |
1 |
|
|a Comprehensive series in photochemistry and photobiology ;
|v v. 6
|
| 504 |
|
|
|a Includes bibliographical references and index.
|
| 505 |
0 |
|
|a General properties of flavins -- Photochemistry of flavins in aqueous and organic solvents -- Excited states interaction of flavins with amines : application to the initiation of vinyl polymerization -- Riboflavin as a visible-light-sensitiser in the aerobic photodegradation of ophthalmic and sympathomimetic drugs -- The antiviral and antibacterial properties of riboflavin and light : applications to blood safety and transfusion medicine -- Light-induced flavin toxicity -- Photoinduced processes in the eye lens : do flavins really play a role? -- Blue light-initiated DNA : a repair by photolyase -- Flavin-based photoreceptors in plants -- Flavin-based photoreceptors in bacteria -- Photoactivated adenylyl cyclase (PAC), the photoreceptor flavoprotein with intrinsic effector function mediating euglenoid photomovements -- Mechanisms of light activation in flavin-binding photoreceptors.
|
| 588 |
|
|
|a Description based on print version record.
|
| 506 |
|
|
|a Plný text je dostupný pouze z IP adres počítačů Univerzity Tomáše Bati ve Zlíně nebo vzdáleným přístupem pro zaměstnance a studenty univerzity
|
| 650 |
|
0 |
|a Flavins.
|
| 650 |
|
0 |
|a Flavoproteins.
|
| 655 |
|
7 |
|a elektronické knihy
|7 fd186907
|2 czenas
|
| 655 |
|
9 |
|a electronic books
|2 eczenas
|
| 700 |
1 |
|
|a Silva, Eduardo.
|
| 700 |
1 |
|
|a Edwards, Ana M.
|
| 710 |
2 |
|
|a Royal Society of Chemistry (Great Britain)
|
| 776 |
0 |
8 |
|i Print version:
|t Flavins.
|d Cambridge, UK : RSC Pub., c2006
|z 9780854043316
|w (DLC) 2007271023
|w (OCoLC)72867757
|
| 830 |
|
0 |
|a Comprehensive series in photochemistry & photobiology ;
|v v. 6.
|
| 856 |
4 |
0 |
|u https://proxy.k.utb.cz/login?url=http://app.knovel.com/web/toc.v/cid:kpFPP0000A
|
| 992 |
|
|
|a BK
|c KNOVEL
|
| 999 |
|
|
|c 73948
|d 73948
|
| 993 |
|
|
|x NEPOSILAT
|y EIZ
|